| 000 | 00510nam a2200133Ia 4500 | ||
|---|---|---|---|
| 008 | 171212s9999 xx 000 0 und d | ||
| 020 | _a9781922144621 | ||
| 100 | _aLal, Brij V. | ||
| 245 |
_cLal, Brij V. _aFiji before the storm _bElections and the politics of development |
||
| 260 |
_bANU E Press _c2012 |
||
| 650 | _aConstitutional law -- Fiji; Fiji -- Politics and government -- 20th century; Fiji -- Economic conditions | ||
| 650 | _aPolitical Science | ||
| 856 | _uwww.jstor.org/stable/10.2307/j.ctt24h84v | ||
| 999 |
_c351111 _d351111 |
||